000 00341nam a2200157Ia 4500
003 OSt
008 191201s2008 xx 000 0 und d
082 _a658.409
_bREL
100 _aREDDY, Sumati
245 0 _aLeadership Development
250 _a1st
260 _aHyderabad
_bIUP
_c2008
300 _a236
650 _aMBA
942 _2ddc
_cBK
999 _c4742
_d4742